Effectif Croatie - Coupe du monde 2026 - Statistiques

Statistiques générales
  • Ce quiz a été pris 15 fois
  • Le résultat moyen est 17 sur 27
Statistiques - réponses
Poste Club Numéro Joueur % Correct
Défenseur Bayern Munich 2 Josip Stanišić
100%
Défenseur Manchester City 4 Joško Gvardiol
100%
Milieu AC Milan 10 Luka Modrić
100%
Milieu Manchester City 7 Mateo Kovačić
100%
Gardien GNK Dinamo Zagreb 1 Dominik Livaković
92%
Attaquant TSG 1899 Hoffenheim 9 Andrej Kramarić
85%
Défenseur Real Sociedad 5 Duje Ćaleta-Car
85%
Attaquant Orlando City SC 24 Marco Pašalić
85%
Milieu Atalanta BC 15 Mario Pašalić
85%
Attaquant CA Osasuna 11 Ante Budimir
77%
Attaquant PSV Eindhoven 14 Ivan Perišić
77%
Milieu Real Sociedad 21 Luka Sučić
77%
Milieu Inter Milan 17 Petar Sučić
77%
Défenseur Ajax Amsterdam 6 Josip Šutalo
69%
Milieu Como 1907 16 Martin Baturina
69%
Défenseur ACF Fiorentina 3 Marin Pongračić
54%
Défenseur Hamburger SV 22 Luka Vušković
46%
Milieu FC Bologna 8 Nikola Moro
46%
Sélectionneur - - Zlatko Dalić
46%
Attaquant SC Fribourg 20 Igor Matanović
38%
Milieu Torino FC 13 Nikola Vlašić
38%
Gardien Hull City 12 Ivor Pandur
31%
Attaquant FC Dallas 26 Petar Musa
31%
Milieu FC Augsburg 18 Kristijan Jakić
23%
Défenseur FC Midtjylland 25 Martin Erlić
23%
Milieu HNK Rijeka 19 Toni Fruk
23%
Gardien FC Copenhague 23 Dominik Kotarski
15%
Aucun quiz correspondant
Distribution des résultats
% des personnes avec chaque résultat
Percentile par nombre de réponses
Votre historique - résultats
Vous n’avez pas pris ce quiz